000 00506nam a2200181Ia 4500
005 20250326130015.0
008 250326s9999 xx 000 0 und d
037 _aTextbook
040 _aFMSL
_beng
_cFMSL
041 _aeng
_2eng
084 _aX:9 N9
_qFMSL
100 _aH M S O
_9702719
245 0 _aInput duliput analysis a its aplication to education & manpower planning
_cH M S O
260 _aNY
_bNY, HMSO
_c1969
300 _a8p
942 _cTB
_hX:9 N9
999 _c1280543
_d1280543